[Event "Bayerische EM (allgemein)"]
[Site "Bad Königshofen"]
[Date "2010.08.26"]
[Round "6.14"]
[White "Nuber, Korbinian"]
[Black "Sternheimer, Erhard"]
[Result "1-0"]
[WhiteElo "2211"]
[BlackElo "2191"]
[PlyCount "79"]
[EventDate "2010.??.??"]
[WhiteTeam "SC Dillingen"]
[BlackTeam "SC Bad Königshofen 1957"]

1. e4 e5 2. Nf3 d6 3. d4 exd4 4. Nxd4 Nf6 5. Nc3 Be7 6. Bf4 O-O 7. Qd2 Nc6 8.
Be2 Re8 9. O-O Bf8 10. f3 Nxd4 11. Qxd4 Be6 12. Bg5 Be7 13. Bc4 Nd7 14. Bxe7
Qxe7 15. Bd5 c6 16. Bb3 Nc5 17. Rad1 Nxb3 18. axb3 Red8 19. Rfe1 f6 20. Ra1 b6
21. Qa4 Qc7 22. Ne2 b5 23. Qa5 Rd7 24. Nd4 Bf7 25. Qxc7 Rxc7 26. Ra6 Be8 27.
Rd1 Kf7 28. Nf5 d5 29. exd5 cxd5 30. c3 b4 31. Nd6+ Kf8 32. cxb4 Rb8 33. Rda1
Rxb4 34. Rxa7 Rc6 35. Nxe8 Rxb3 36. Nxg7 Rxb2 37. Nf5 Rcc2 38. Nh4 d4 39. Rxh7
Kg8 40. Rd7 1-0

[Event "Bayerische EM (allgemein)"]
[Site "Bad Königshofen"]
[Date "2010.08.26"]
[Round "6.16"]
[White "Heiduczek, Josef"]
[Black "Kretschel, Klaus"]
[Result "1-0"]
[WhiteElo "2234"]
[BlackElo "2133"]
[PlyCount "101"]
[EventDate "2010.??.??"]
[WhiteTeam "SC Rottal"]
[BlackTeam "SC Unterpfaffenhofen"]

1. e4 e5 2. Nf3 Nc6 3. Bb5 Nf6 4. O-O Nxe4 5. d4 Nd6 6. Bxc6 dxc6 7. dxe5 Nf5
8. Qxd8+ Kxd8 9. Nc3 Be7 10. b3 Be6 11. Bb2 Ke8 12. Ne2 h5 13. Rad1 Rd8 14.
Rxd8+ Kxd8 15. Nf4 g5 16. Nxe6+ fxe6 17. Rd1+ Ke8 18. Kf1 c5 19. c3 Rh7 20. Bc1
Rg7 21. Ne1 Bd8 22. h3 Rd7 23. Rxd7 Kxd7 24. Ke2 Kc6 25. c4 Kd7 26. Kd3 Ke8 27.
Nf3 g4 28. hxg4 hxg4 29. Ng5 Bxg5 30. Bxg5 a5 31. Ke4 b6 32. g3 Nd4 33. Kf4 Nc6
34. Kxg4 a4 35. Kh5 axb3 36. axb3 Nd4 37. Kg6 Nxb3 38. Kf6 b5 39. cxb5 c4 40.
Kxe6 c3 41. Kd5 c2 42. g4 c1=Q 43. Bxc1 Nxc1 44. f4 Ne2 45. f5 Nf4+ 46. Kc6 Kd8
47. e6 Ne2 48. e7+ Kxe7 49. Kxc7 Nc3 50. b6 Nd5+ 51. Kc6 1-0

[Event "Bayerische EM (allgemein)"]
[Site "Bad Königshofen"]
[Date "2010.08.26"]
[Round "6.17"]
[White "Weigert, Wilhelm"]
[Black "Jussupow, Nadia"]
[Result "0-1"]
[WhiteElo "2024"]
[BlackElo "2143"]
[PlyCount "85"]
[EventDate "2010.??.??"]
[WhiteTeam "SK Kelheim 1920"]
[BlackTeam "SK Krumbach"]

1. Nf3 d5 2. g3 Nf6 3. Bg2 c6 4. c4 Nbd7 5. cxd5 cxd5 6. d4 e6 7. O-O Bd6 8.
Nc3 a6 9. a3 O-O 10. b4 b5 11. Bb2 Bb7 12. Nd2 Nb6 13. Qb3 Nc4 14. Rfd1 Qb6 15.
Nxc4 dxc4 16. Qc2 Bxg2 17. Kxg2 Rad8 18. e4 Be7 19. Ne2 Qb7 20. f3 Nd7 21. Qc3
f5 22. e5 Nb6 23. Nf4 Kf7 24. h4 Qc6 25. Rd2 g5 26. hxg5 Bxg5 27. Rh1 Bxf4 28.
gxf4 Rh8 29. Rh3 Rdg8+ 30. Kf2 Nd5 31. Qc1 Nxf4 32. d5 Nxd5 33. Qh1 Rg6 34.
Rxh7+ Rxh7 35. Qxh7+ Rg7 36. Qh5+ Rg6 37. Qh7+ Rg7 38. Qh5+ Ke7 39. Bd4 Qe8 40.
Bc5+ Kd7 41. Qh6 Qg6 42. Qh2 f4 43. Rd1 0-1

[Event "Bayerische EM (allgemein)"]
[Site "Bad Königshofen"]
[Date "2010.08.27"]
[Round "7.1"]
[White "Schindler, Viktor"]
[Black "Zill, Christoph"]
[Result "1/2-1/2"]
[WhiteElo "2139"]
[BlackElo "2252"]
[PlyCount "24"]
[EventDate "2010.??.??"]
[WhiteTeam "PTSV SK Hof 1892"]
[BlackTeam "SK Freising"]

1. e4 d5 2. exd5 Qxd5 3. Nc3 Qa5 4. g3 g6 5. Bg2 Bg7 6. d4 c6 7. h3 Nf6 8. Nf3
Ne4 9. O-O Nxc3 10. Qe1 Bf5 11. Bd2 Qc7 12. Bxc3 O-O 1/2-1/2

[Event "Bayerische EM (allgemein)"]
[Site "Bad Königshofen"]
[Date "2010.08.27"]
[Round "7.2"]
[White "Reich, Thomas"]
[Black "Hirn, Oskar"]
[Result "1-0"]
[WhiteElo "2350"]
[BlackElo "2246"]
[PlyCount "57"]
[EventDate "2010.??.??"]
[WhiteTeam "FC Bayern München e.V."]
[BlackTeam "SC Noris-Tarrasch Nürnberg 1873"]

1. d4 d5 2. Bf4 Nf6 3. e3 e6 4. Nf3 Be7 5. Nbd2 c5 6. c3 O-O 7. Bd3 b6 8. Ne5
Bb7 9. Qf3 Nc6 10. Qh3 g6 11. Bh6 Re8 12. f4 Rc8 13. O-O Rc7 14. Ndf3 Ne4 15.
Bxe4 dxe4 16. Nxf7 Kxf7 17. Ng5+ Bxg5 18. Bxg5 Ree7 19. Qxh7+ Ke8 20. Qxg6+ Kd7
21. f5 Qe8 22. Bxe7 Qxe7 23. f6 Qf8 24. Qg7+ Qxg7 25. fxg7 Rc8 26. Rf8 Ne7 27.
Raf1 cxd4 28. Rxc8 Bxc8 29. Rf8 1-0

[Event "Bayerische EM (allgemein)"]
[Site "Bad Königshofen"]
[Date "2010.08.27"]
[Round "7.3"]
[White "Liepold, Stefan"]
[Black "Safyanowsky, Mark"]
[Result "1/2-1/2"]
[WhiteElo "2235"]
[BlackElo "2299"]
[PlyCount "43"]
[EventDate "2010.??.??"]
[WhiteTeam "SC Erlangen 48/88"]
[BlackTeam "SC Dillingen"]

1. e4 d5 2. exd5 Qxd5 3. Nc3 Qd6 4. d4 Nf6 5. Nf3 a6 6. Bc4 Nc6 7. Ng5 e6 8.
Be3 h6 9. Nf3 Be7 10. Qd2 b5 11. Bb3 Bb7 12. Bf4 Qd8 13. O-O-O Na5 14. Qe2 O-O
15. Rhg1 Nxb3+ 16. axb3 Nd5 17. Bd2 Nxc3 18. bxc3 Qd5 19. Qe5 Bd6 20. Qxd5 Bxd5
21. Ne5 Bxe5 22. dxe5 1/2-1/2

[Event "Bayerische EM (allgemein)"]
[Site "Bad Königshofen"]
[Date "2010.08.27"]
[Round "7.4"]
[White "Schmid, Roland"]
[Black "Jussupow, Alexander"]
[Result "1-0"]
[WhiteElo "2140"]
[BlackElo "2112"]
[PlyCount "63"]
[EventDate "2010.??.??"]
[WhiteTeam "TSV Wacker Neutraubling"]
[BlackTeam "SK Krumbach"]

1. c4 e6 2. Nf3 d5 3. d4 dxc4 4. e3 Nf6 5. Bxc4 c5 6. O-O a6 7. a4 Nc6 8. Nc3
cxd4 9. exd4 Be7 10. Be3 O-O 11. Ne5 Nb4 12. Qe2 Nfd5 13. Nd3 b6 14. Nxb4 Nxb4
15. Qf3 Rb8 16. d5 Bb7 17. Rad1 Bf6 18. Bd4 exd5 19. Bb3 Bxd4 20. Rxd4 Nc6 21.
Rdd1 d4 22. Nd5 Qg5 23. Rfe1 b5 24. axb5 axb5 25. h4 Qxh4 26. Re4 Qh6 27. Qg3
Rbe8 28. Rh4 Qe6 29. Bc2 g6 30. Qg5 f5 31. Bb3 Rf7 32. Nf6+ 1-0

[Event "Bayerische EM (allgemein)"]
[Site "Bad Königshofen"]
[Date "2010.08.27"]
[Round "7.5"]
[White "Jussupow, Ekaterina"]
[Black "Lentrodt, Thomas"]
[Result "1/2-1/2"]
[WhiteElo "2174"]
[BlackElo "2340"]
[PlyCount "235"]
[EventDate "2010.??.??"]
[WhiteTeam "SK Krumbach"]
[BlackTeam "FC Bayern München e.V."]

1. e4 e6 2. d4 d5 3. exd5 exd5 4. Bd3 Nf6 5. Bg5 Be7 6. Ne2 Ne4 7. Bxe7 Qxe7 8.
O-O O-O 9. Nbc3 Nxc3 10. Nxc3 c6 11. Re1 Qf6 12. Re3 g6 13. Ne2 Be6 14. c3 Nd7
15. Ng3 Rfc8 16. Qd2 Nf8 17. Bc2 b6 18. Rf3 Qh4 19. Re1 Re8 20. Rfe3 Bd7 21.
Rxe8 Bxe8 22. f4 Bd7 23. f5 Re8 24. Rf1 Qe7 25. fxg6 hxg6 26. Qf4 Qe3+ 27. Qxe3
Rxe3 28. Kf2 Re8 29. Ba4 Ne6 30. Re1 $11 Rc8 31. h4 Ng7 32. Re7 Rd8 33. Bc2 Ne6
34. h5 Kf8 35. Rxe6 Bxe6 36. hxg6 fxg6 37. Bxg6 Kg7 38. Bd3 Kf6 39. Ne2 Bf5 40.
Ba6 b5 41. Nc1 Rb8 42. Nb3 b4 43. Ke3 bxc3 44. bxc3 Bb1 45. Nc5 Rb2 46. g4 Bxa2
47. Bb7 Kg5 48. Bxc6 Kxg4 49. Nd3 Rh2 50. Nf4 a5 51. Bd7+ Kg5 52. Ne6+ Kf6 53.
Nc5 Bc4 54. Ba4 Re2+ 55. Kf4 Ra2 56. Ke3 Ke7 57. Bc6 Kd6 58. Ba4 Re2+ 59. Kf4
Rb2 60. Kf3 Bb5 61. Bd1 Kc6 62. Ke3 Ra2 63. Bb3 Re2+ 64. Kf3 Re1 65. Kf4 Re2
66. Kf3 Re7 67. Kf2 Ra7 68. Na4 Bxa4 69. Bxa4+ Kd6 70. Ke3 Rb7 71. Kd2 Ke6 72.
Kc2 Rb6 73. Bb3 Kd6 74. Ba4 Rb8 75. Kc1 Ke6 76. Kc2 Kf5 77. Bc6 Ke4 78. c4 Kxd4
79. cxd5 Kc5 80. Kc3 Rh8 81. Kb3 Rh4 82. Ka3 Rb4 83. Ka2 Rd4 84. Ka3 Rf4 85.
Kb3 Rb4+ 86. Ka3 Kb6 87. Ka2 a4 88. Ka3 Ka5 89. d6 Rb3+ 90. Ka2 Rd3 91. d7 Kb4
92. Kb2 a3+ 93. Kc2 Rd6 94. Kb1 Kb3 95. Bf3 Rxd7 96. Ka1 Rd4 97. Bh5 Rf4 98.
Bg6 a2 99. Bf7+ Ka3 100. Bxa2 Rf2 101. Bb1 Kb3 102. Bg6 Rf6 103. Be4 Rf4 104.
Bg6 Rf1+ 105. Bb1 Rf8 106. Be4 Rd8 107. Bf5 Rd6 108. Be4 Rd4 109. Bf5 Kc3 110.
Bg6 Ra4+ 111. Kb1 Rb4+ 112. Ka1 Rb6 113. Bf5 Kb3 114. Be4 Rd6 115. Bh7 Ra6+
116. Kb1 Ra8 117. Bc2+ Kc3 118. Bf5 1/2-1/2

[Event "Bayerische EM (allgemein)"]
[Site "Bad Königshofen"]
[Date "2010.08.27"]
[Round "7.6"]
[White "Golda, Harald"]
[Black "Heimrath, Reiner"]
[Result "1-0"]
[WhiteElo "2315"]
[BlackElo "2231"]
[PlyCount "93"]
[EventDate "2010.??.??"]
[WhiteTeam "Schachklub Schweinfurt 2000 e.V."]
[BlackTeam "SC Noris-Tarrasch Nürnberg 1873"]

1. d4 c5 2. Nf3 cxd4 3. Nxd4 g6 4. g3 Bg7 5. Bg2 Nc6 6. Nxc6 bxc6 7. c4 h5 8.
Nc3 h4 9. Qc2 Rb8 10. Bf4 Rb4 11. b3 Nh6 12. Rd1 Rb7 13. Qd2 Qa5 14. Ne4 Qxd2+
15. Rxd2 a5 16. O-O hxg3 17. hxg3 Ng4 18. Nc5 Ra7 19. Rfd1 e5 20. Bg5 f6 21.
Bf3 Nh2 22. Be3 Nxf3+ 23. exf3 Bh6 24. Bxh6 Rxh6 25. Ne4 Ke7 26. Rd6 f5 27. Nc5
Rc7 28. Kg2 Ra7 29. a4 Rc7 30. g4 e4 31. gxf5 exf3+ 32. Kxf3 Rh5 33. f6+ Ke8
34. Re1+ Kf8 35. Ne4 Rb7 36. Re3 c5 37. Kg4 Re5 38. f4 Re8 39. Kg5 Rc7 40. Kxg6
Re6 41. Rh3 Kg8 42. f5 Bb7 43. fxe6 Bxe4+ 44. Kg5 dxe6 45. Rxe6 Bc2 46. Re7 Rc6
47. Rg7+ 1-0

[Event "Bayerische EM (allgemein)"]
[Site "Bad Königshofen"]
[Date "2010.08.27"]
[Round "7.7"]
[White "Lederle, Vitus"]
[Black "Kunz, Konstantin"]
[Result "1-0"]
[WhiteElo "2191"]
[BlackElo "2273"]
[PlyCount "60"]
[EventDate "2010.??.??"]
[WhiteTeam "SC Dillingen"]
[BlackTeam "SC Kitzingen von 1905"]

1. e4 c5 2. Nf3 e6 3. d4 cxd4 4. Nxd4 Nc6 5. Nc3 Qc7 6. Be3 a6 7. Qd2 Nf6 8.
O-O-O b5 9. Nxc6 dxc6 10. e5 Nd5 11. Nxd5 cxd5 12. f4 Bd7 13. Qf2 b4 14. Kb1
Bb5 15. Bd3 Be7 16. Bd4 g6 17. g4 h5 18. f5 Bxd3 19. cxd3 hxg4 20. fxg6 fxg6
21. Qf4 g5 22. Qxg4 Kd7 23. Rc1 Qa5 24. Rc6 Rh6 25. Rhc1 b3 26. axb3 Rb8 27. h4
Qd2 28. Bb6 Qxd3+ 29. Ka2 Qg6 30. Qa4 Bc5 1-0

[Event "Bayerische EM (allgemein)"]
[Site "Bad Königshofen"]
[Date "2010.08.27"]
[Round "7.8"]
[White "Kuhn, Tobias"]
[Black "Schatz, Christian"]
[Result "1/2-1/2"]
[WhiteElo "2213"]
[BlackElo "2189"]
[PlyCount "31"]
[EventDate "2010.??.??"]
[WhiteTeam "SK 1982 Klingenberg/Main"]
[BlackTeam "Schachzentrum Fürth 2002"]

1. e4 Nf6 2. e5 Nd5 3. d4 d6 4. Nf3 Bg4 5. Be2 e6 6. c4 Nb6 7. Nc3 dxe5 8. Nxe5
Bxe2 9. Nxe2 Bb4+ 10. Nc3 N8d7 11. Qb3 Bxc3+ 12. Qxc3 Nxe5 13. dxe5 Qh4 14. O-O
O-O-O 15. f4 Qg4 16. Qc2 1/2-1/2

[Event "Bayerische EM (allgemein)"]
[Site "Bad Königshofen"]
[Date "2010.08.27"]
[Round "7.10"]
[White "Höfelsauer, Thomas"]
[Black "Hofstetter, Hans-Joachim"]
[Result "1/2-1/2"]
[WhiteElo "2186"]
[BlackElo "2197"]
[PlyCount "122"]
[EventDate "2010.??.??"]
[WhiteTeam "Schachklub München Südost e.V."]
[BlackTeam "SK 1933 Bad Neustadt"]

1. e4 e6 2. d4 d5 3. exd5 exd5 4. Nf3 Nf6 5. Bd3 c5 6. c3 Nc6 7. O-O Be7 8.
dxc5 Bxc5 9. Re1+ Be7 10. Bf4 O-O 11. h3 Qb6 12. Qb3 Qc5 13. Nbd2 h6 14. Nd4
Nxd4 15. cxd4 Qxd4 16. Bxh6 Qb4 17. Bg5 Be6 18. Qxb4 Bxb4 19. a3 Ba5 20. b4 Bd8
21. Nb3 Nd7 22. Bxd8 Rfxd8 23. Nd4 Nf8 24. Rac1 Rac8 25. a4 Rxc1 26. Rxc1 Rc8
27. Rxc8 Bxc8 28. Bf5 Bd7 29. Bxd7 Nxd7 30. Nb5 a6 31. Nc7 Nf6 32. b5 axb5 33.
Nxb5 Ne4 34. a5 Kf8 35. f3 Nc5 36. Nd6 Ke7 37. Nxb7 Na6 38. h4 Kd7 39. h5 f5
40. g3 Kc7 41. g4 fxg4 42. fxg4 Kd7 43. g5 Ke6 44. h6 gxh6 45. gxh6 Kf6 46. Nd6
Kg6 47. Nf5 d4 48. Kf2 d3 49. Ke3 Nc5 50. Nd6 d2 51. Ke2 Kxh6 52. Nb7 d1=Q+ 53.
Kxd1 Na6 54. Kd2 Kg6 55. Kc3 Kf6 56. Kc4 Ke7 57. Kb5 Nb8 58. Kb6 Kd7 59. Nc5+
Kc8 60. Ne6 Nd7+ 61. Ka7 Nb8 1/2-1/2

[Event "Bayerische EM (allgemein)"]
[Site "Bad Königshofen"]
[Date "2010.08.27"]
[Round "7.11"]
[White "Miskevicer, Boris"]
[Black "Maurer, Heinrich"]
[Result "1-0"]
[WhiteElo "2216"]
[BlackElo "2189"]
[PlyCount "79"]
[EventDate "2010.??.??"]
[WhiteTeam "SG Schwabing München Nord e.V."]
[BlackTeam "SK Kelheim 1920"]

1. d4 Nf6 2. c4 c5 3. d5 e6 4. Nc3 exd5 5. cxd5 d6 6. e4 g6 7. Be2 Bg7 8. Nf3
O-O 9. O-O a6 10. a4 Nbd7 11. Nd2 Rb8 12. Nc4 Qe7 13. Bf4 Ne8 14. Qc2 b6 15.
Bg3 Ne5 16. Ne3 f5 17. exf5 gxf5 18. f4 Ng4 19. Nxg4 fxg4 20. Bd3 h5 21. Rae1
Qf6 22. Re2 h4 23. Be1 Bd7 24. Ne4 Qh6 25. g3 b5 26. axb5 axb5 27. Ng5 Nf6 28.
Bf5 Be8 29. Bd7 Nxd7 30. Bc3 b4 31. Bxg7 Qxg7 32. Ne6 Qh7 33. f5 Ne5 34. Rxe5
dxe5 35. Qe4 hxg3 36. hxg3 Qh5 37. f6 Rb7 38. Rf5 Qh3 39. Rg5+ Kh8 40. Qxe5 1-0

[Event "Bayerische EM (allgemein)"]
[Site "Bad Königshofen"]
[Date "2010.08.27"]
[Round "7.12"]
[White "Brychcy, Felix"]
[Black "Shashkin, Igor"]
[Result "0-1"]
[WhiteElo "2120"]
[BlackElo "2086"]
[PlyCount "80"]
[EventDate "2010.??.??"]
[WhiteTeam "MSA Zugzwang 82 e.V."]
[BlackTeam "PTSV SK Hof 1892"]

1. d4 d6 2. g3 g6 3. Bg2 Bg7 4. Nf3 Nf6 5. O-O O-O 6. c4 Nbd7 7. Nc3 e5 8. e4
h6 9. h3 Nh7 10. Be3 Ng5 11. Nxg5 hxg5 12. f4 gxf4 13. gxf4 Nb6 14. b3 Qh4 15.
fxe5 Bxh3 16. exd6 cxd6 17. Bxh3 Qg3+ 18. Bg2 Qxe3+ 19. Rf2 Bxd4 20. Qe1 Qxc3
21. Qxc3 Bxc3 22. Rd1 Be5 23. Bh3 Kg7 24. a4 Rh8 25. Rf3 a5 26. Rc1 Rh4 27. Bg2
Nd7 28. Rd1 Nc5 29. Re3 Rah8 30. Kf1 Rf4+ 31. Kg1 Ne6 32. Red3 Rg4 33. Kf1 Nf4
34. Bf3 Nxd3 35. Bxg4 Rh1+ 36. Kg2 Rxd1 37. Bxd1 Kf6 38. Kf3 Bd4 39. Be2 Nc5
40. Bd1 Ke5 0-1

[Event "Bayerische EM (allgemein)"]
[Site "Bad Königshofen"]
[Date "2010.08.27"]
[Round "7.13"]
[White "Wilfert, André"]
[Black "Kleibel, Uwe"]
[Result "1-0"]
[WhiteElo "2087"]
[BlackElo "2001"]
[PlyCount "77"]
[EventDate "2010.??.??"]
[WhiteTeam "1.FC Marktleuthen"]
[BlackTeam "SC Ortenburg 1894 e.V."]

1. e4 c6 2. d4 d5 3. Nd2 dxe4 4. Nxe4 Bf5 5. Ng3 Bg6 6. h4 h6 7. Nf3 Nd7 8. h5
Bh7 9. Bd3 Bxd3 10. Qxd3 e6 11. Bd2 Ngf6 12. Ne4 Be7 13. O-O-O Nxe4 14. Qxe4
Nf6 15. Qe2 O-O 16. g4 Qd5 17. c4 Qe4 18. Rde1 Qxe2 19. Rxe2 b5 20. g5 hxg5 21.
Bxg5 bxc4 22. h6 g6 23. Ne5 Rfe8 24. Nxc6 Nd5 25. h7+ Kg7 26. Nxe7 Nxe7 27.
h8=Q+ Rxh8 28. Rxh8 Rxh8 29. Bxe7 Rh2 30. Kc2 f5 31. Kc3 Kf7 32. Bd6 Rg2 33.
Kxc4 g5 34. b4 Kf6 35. b5 f4 36. Bb8 Kf7 37. Bxa7 g4 38. Kd3 f3 39. Rd2 1-0

[Event "Bayerische EM (allgemein)"]
[Site "Bad Königshofen"]
[Date "2010.08.27"]
[Round "7.14"]
[White "Rein, Iwan"]
[Black "Maugg, Ludwig"]
[Result "1-0"]
[WhiteElo "2072"]
[BlackElo "2099"]
[PlyCount "83"]
[EventDate "2010.??.??"]
[WhiteTeam "TS Bayreuth"]
[BlackTeam "SC Sonthofen"]

1. d4 g6 2. c4 Bg7 3. Nc3 c5 4. d5 d6 5. e4 Nf6 6. f3 O-O 7. Be3 e6 8. Nge2
exd5 9. cxd5 a6 10. a4 Re8 11. Nc1 Nbd7 12. Be2 Rb8 13. O-O Qc7 14. Nb3 Ne5 15.
h3 Ned7 16. Nd2 Nf8 17. a5 b5 18. axb6 Rxb6 19. Nc4 Rb4 20. Bf4 Rd8 21. Qd2 Ne8
22. Ra2 Nd7 23. Na5 Bb7 24. Nxb7 Qxb7 25. Bxa6 Qb6 26. Be2 Ne5 27. Rb1 Rb8 28.
Qc1 Qb7 29. Nd1 Nc7 30. Bd2 Rb3 31. Qc2 Rb6 32. f4 Nd7 33. Bc3 Nb5 34. Bxg7
Kxg7 35. Bxb5 Rxb5 36. Ne3 Nf6 37. Nc4 Qe7 38. Nd2 Rb4 39. Ra4 Rxa4 40. Qxa4
Nxd5 41. Rf1 Rxb2 42. Qa1 1-0

[Event "Bayerische EM (allgemein)"]
[Site "Bad Königshofen"]
[Date "2010.08.27"]
[Round "7.15"]
[White "Jussupow, Nadia"]
[Black "Heiduczek, Josef"]
[Result "1-0"]
[WhiteElo "2143"]
[BlackElo "2234"]
[PlyCount "66"]
[EventDate "2010.??.??"]
[WhiteTeam "SK Krumbach"]
[BlackTeam "SC Rottal"]

1. d4 f5 2. g3 Nf6 3. Bg2 g6 4. Nh3 Bg7 5. O-O O-O 6. c3 Nc6 7. Qb3+ e6 8. Nd2
Kh8 9. Nf3 d6 10. Nfg5 Qe7 11. Nf4 Nd8 12. Rd1 Bd7 13. e4 e5 14. dxe5 dxe5 15.
Nd5 Nxd5 16. exd5 Rb8 17. c4 h6 18. Nf3 Nf7 19. Bd2 e4 20. Bb4 Qf6 21. Bc3 Qd8
22. Bxg7+ Kxg7 23. Nd4 Qf6 24. f3 Ng5 25. f4 Nf7 26. c5 Kh7 27. Qe3 Rfc8 28.
Bf1 Rg8 29. Bc4 g5 30. Kh1 gxf4 31. gxf4 Rg6 32. Rg1 Rbg8 33. b4 Nd8 1-0

[Event "Bayerische EM (allgemein)"]
[Site "Bad Königshofen"]
[Date "2010.08.27"]
[Round "7.16"]
[White "Fischer, Gerd"]
[Black "Weigert, Wilhelm"]
[Result "1/2-1/2"]
[WhiteElo "2091"]
[BlackElo "2024"]
[PlyCount "118"]
[EventDate "2010.??.??"]
[WhiteTeam "FC Gunzenhausen 1910 e.V"]
[BlackTeam "SK Kelheim 1920"]

1. e4 c5 2. Nf3 Nc6 3. d4 cxd4 4. Nxd4 g6 5. Nc3 Bg7 6. Be3 Nf6 7. Nb3 O-O 8.
Be2 a5 9. a4 d6 10. O-O Be6 11. f4 Rc8 12. Bf3 Nb4 13. Rf2 Nd7 14. Nd4 Bc4 15.
Rd2 Qe8 16. Be2 Bh6 17. Bxc4 Rxc4 18. Qe2 Rc8 19. Ndb5 Nc5 20. Rad1 Bg7 21. Bd4
Bxd4+ 22. Rxd4 Ne6 23. R4d2 Nxf4 24. Qf2 Ne6 25. Qb6 Qc6 26. Qf2 Qc5 27. Nd5
Qxf2+ 28. Rxf2 Nxd5 29. exd5 Nc5 30. b3 Nd7 31. Re2 Ne5 32. c4 h6 33. Rdd2 Kg7
34. Rc2 Rc5 35. h3 Re8 36. Re3 h5 37. Nc3 Rec8 38. Rce2 Rg8 39. Rf2 Rcc8 40.
Ne4 f6 41. Rb2 Kf7 42. Nc3 Ke8 43. Nb5 Kd7 44. Nd4 g5 45. Rf2 h4 46. Rf5 Rh8
47. Rf1 Rh7 48. Rc3 b6 49. Ne6 Rh6 50. Nd4 Rg6 51. Re3 g4 52. Nf5 Rh8 53. Rf4
Rh7 54. hxg4 Rxg4 55. Rxg4 Nxg4 56. Re4 Ne5 57. Nxh4 Rh5 58. Nf3 Nxf3+ 59. gxf3
Rg5+ 1/2-1/2

[Event "Bayerische EM (allgemein)"]
[Site "Bad Königshofen"]
[Date "2010.08.27"]
[Round "7.17"]
[White "Kretschel, Klaus"]
[Black "Sternheimer, Erhard"]
[Result "0-1"]
[WhiteElo "2133"]
[BlackElo "2191"]
[PlyCount "145"]
[EventDate "2010.??.??"]
[WhiteTeam "SC Unterpfaffenhofen"]
[BlackTeam "SC Bad Königshofen 1957"]

1. Nf3 d6 2. c4 e5 3. Nc3 Nf6 4. d3 Nbd7 5. g3 g6 6. Bg2 Bg7 7. O-O O-O 8. Qc2
Nh5 9. e4 c6 10. Be3 f5 11. exf5 gxf5 12. Rae1 Nhf6 13. Ng5 Re8 14. f4 Ng4 15.
Bc1 exf4 16. Rxe8+ Qxe8 17. Bxf4 Bd4+ 18. Kh1 Nde5 19. Nf3 Nxf3 20. Bxf3 Ne5
21. Qe2 Bd7 22. Bg2 Qg6 23. Qd2 Re8 24. Ne2 Bb6 25. Ng1 Bd4 26. Nf3 Nxf3 27.
Bxf3 Re6 28. Qd1 Qg7 29. Re1 Bxb2 30. Rxe6 Bxe6 31. Bxd6 Qd4 32. Bf4 Qf2 33.
Qe2 Qxe2 34. Bxe2 b5 35. Bd2 Kf7 36. Kg2 Ke7 37. Bb4+ Kf6 38. Kf3 Bd4 39. Bd2
a6 40. Ba5 Bf7 41. Bd8+ Ke6 42. Kf4 h6 43. Bc7 Bb2 44. Ke3 c5 45. Kd2 Be5 46.
Bxe5 Kxe5 47. Ke3 b4 48. Bf3 Be8 49. Bb7 a5 50. Kd2 Bd7 51. Ba6 a4 52. Kc2 a3
53. Bb5 Bc8 54. Ba4 Kd4 55. Kd2 Be6 56. Bb3 Bf7 57. Bd1 Bh5 58. Bb3 Bf3 59. Bc2
Bg2 60. Bb3 Bf1 61. Bc2 b3 62. Bxb3 Bxd3 63. Bd1 Bxc4 64. g4 Bxa2 65. gxf5 c4
66. f6 c3+ 67. Kc1 Bf7 68. Kb1 Kd3 69. h4 Kd2 70. Ba4 a2+ 71. Ka1 c2 72. Bxc2
Kxc2 73. h5 0-1

[Event "Bayerische EM (allgemein)"]
[Site "Bad Königshofen"]
[Date "2010.08.28"]
[Round "8.1"]
[White "Zill, Christoph"]
[Black "Reich, Thomas"]
[Result "1/2-1/2"]
[WhiteElo "2252"]
[BlackElo "2350"]
[PlyCount "108"]
[EventDate "2010.??.??"]
[WhiteTeam "SK Freising"]
[BlackTeam "FC Bayern München e.V."]

1. e4 c5 2. Nf3 g6 3. d4 cxd4 4. Nxd4 Bg7 5. c4 Nc6 6. Nc2 Nf6 7. Nc3 O-O 8.
Be2 b6 9. O-O Bb7 10. Bg5 d6 11. Qd2 Ne5 12. f3 Rc8 13. b3 a6 14. Rac1 Ned7 15.
Nb4 Re8 16. Nbd5 Rc6 17. Nb4 Rc5 18. Be3 Rc8 19. Nbd5 e6 20. Nxf6+ Nxf6 21. Na4
Rc6 22. Rcd1 Nd7 23. f4 e5 24. f5 Nf6 25. fxg6 hxg6 26. Bf3 Bf8 27. Nc3 Bc8 28.
h3 Be6 29. Nd5 a5 30. a3 Nd7 31. b4 axb4 32. axb4 Qb8 33. Be2 Qb7 34. Ra1 Ra8
35. Qb2 Rcc8 36. Rxa8 Rxa8 37. Ra1 Ra7 38. Kh2 Kh7 39. g4 Bg7 40. Bd3 Bxd5 41.
cxd5 Qa8 42. Rxa7 Qxa7 43. g5 Qa4 44. Be2 f5 45. gxf6 Nxf6 46. Bf3 b5 47. Bg5
Qa7 48. Qd2 Qf7 49. Kg2 Qf8 50. Qf2 Kg8 51. Qb6 Bh6 52. Bxf6 Qxf6 53. Qb8+ Kh7
54. Qb7+ Kg8 1/2-1/2

[Event "Bayerische EM (allgemein)"]
[Site "Bad Königshofen"]
[Date "2010.08.28"]
[Round "8.2"]
[White "Hirn, Oskar"]
[Black "Lederle, Vitus"]
[Result "0-1"]
[WhiteElo "2246"]
[BlackElo "2191"]
[PlyCount "40"]
[EventDate "2010.??.??"]
[WhiteTeam "SC Noris-Tarrasch Nürnberg 1873"]
[BlackTeam "SC Dillingen"]

1. d4 Nf6 2. Bf4 c5 3. e3 g6 4. c3 b6 5. a4 Bb7 6. Nd2 Nc6 7. Ngf3 Bg7 8. h3 d6
9. Be2 O-O 10. O-O cxd4 11. exd4 Nd5 12. Bh2 e5 13. Qb3 Nf4 14. Bxf4 exf4 15.
a5 Qe7 16. Rfe1 Nxa5 17. Rxa5 Bxf3 18. Raa1 Bxe2 19. Qc2 Rfe8 20. Nf3 Qe4 0-1

[Event "Bayerische EM (allgemein)"]
[Site "Bad Königshofen"]
[Date "2010.08.28"]
[Round "8.3"]
[White "Golda, Harald"]
[Black "Schmid, Roland"]
[Result "1-0"]
[WhiteElo "2315"]
[BlackElo "2140"]
[PlyCount "91"]
[EventDate "2010.??.??"]
[WhiteTeam "Schachklub Schweinfurt 2000 e.V."]
[BlackTeam "TSV Wacker Neutraubling"]

1. d4 e6 2. Nf3 f5 3. g3 Nf6 4. Bg2 d5 5. O-O Bd6 6. c4 c6 7. b3 Qe7 8. a4 a5
9. Ba3 b6 10. Bxd6 Qxd6 11. e3 O-O 12. Nbd2 Nbd7 13. Qc2 Bb7 14. cxd5 cxd5 15.
Rfc1 Rfc8 16. Qb2 Ba6 17. Ne5 Ne4 18. Nxd7 Qxd7 19. Nf3 Qd6 20. Ne5 Nf6 21. Bf1
Bxf1 22. Kxf1 Ne4 23. Kg2 Qb4 24. Rc2 Qf8 25. Rac1 g5 26. Rc6 Rxc6 27. Rxc6 Qh6
28. Qc2 g4 29. Rc8+ Rxc8 30. Qxc8+ Kg7 31. Qd7+ Kg8 32. Qc8+ Kg7 33. Qc7+ Kg8
34. Qxb6 Nd2 35. Kh1 Ne4 36. Qd8+ Kg7 37. Qe7+ Kg8 38. Qf7+ Kh8 39. Nd3 Ng5 40.
Qe8+ Kg7 41. Qe7+ Kg8 42. Qd8+ Kg7 43. Qc7+ Kg8 44. Nf4 Nf3 45. Qd8+ Kf7 46.
Qd7+ 1-0

[Event "Bayerische EM (allgemein)"]
[Site "Bad Königshofen"]
[Date "2010.08.28"]
[Round "8.5"]
[White "Lentrodt, Thomas"]
[Black "Liepold, Stefan"]
[Result "1-0"]
[WhiteElo "2340"]
[BlackElo "2235"]
[PlyCount "129"]
[EventDate "2010.??.??"]
[WhiteTeam "FC Bayern München e.V."]
[BlackTeam "SC Erlangen 48/88"]

1. e4 e6 2. d4 d5 3. Nd2 a6 4. Ngf3 c5 5. dxc5 Bxc5 6. Bd3 Ne7 7. O-O Nbc6 8.
a3 O-O 9. b4 Ba7 10. exd5 exd5 11. Bb2 Ng6 12. Nb3 Qd6 13. Nbd4 Qf4 14. Ne2 Qd6
15. Ng3 d4 16. Re1 Nf4 17. c4 Nxd3 18. Qxd3 Qg6 19. Qxg6 hxg6 20. c5 Rd8 21. h3
b6 22. cxb6 Bxb6 23. Rac1 Bb7 24. Nd2 Rd5 25. Nc4 Ba7 26. Ne4 Rad8 27. Red1 d3
28. Ne3 R5d7 29. Nc5 Bxc5 30. Rxc5 Nd4 31. Bxd4 Rxd4 32. Rd2 Rc8 33. Rxc8+ Bxc8
34. Nd1 g5 35. Nb2 Bf5 36. f3 Rd8 37. Kf2 Rc8 38. Nxd3 Rc3 39. Nc5 Rxa3 40. Rd5
g6 41. g4 Bc2 42. Rd2 Bb1 43. Kg3 Kg7 44. Rd6 Rc3 45. Rxa6 Rc4 46. Rb6 Bc2 47.
Kf2 Bd1 48. Ne4 Rc2+ 49. Kg3 Rb2 50. Nxg5 Rb3 51. Rb7 Kg8 52. Rd7 Be2 53. Rxf7
Rxb4 54. Re7 Bd1 55. Re3 Bc2 56. Rc3 Bb1 57. h4 Rb8 58. Ne4 Rb2 59. Kf4 Rb4 60.
Rc6 Kg7 61. Kg5 Bxe4 62. fxe4 Rb5+ 63. Kf4 Kf7 64. Rd6 Rb1 65. Kg5 1-0